000 00712nam a2200217 i 4500
001 64626
003 ES-MaACL
005 20251005063045.0
007 t|
008 031230s1974 sp ||||1| spa d
100 1 _aFord, Richard,
_d1796-1858
_9138801
245 1 4 _aLas cosas de España /
_cRichard Ford ; traducción de Enrique de Mesa ; prólogo de Gerald Brenan.
260 _aMadrid :
_bTurner,
_c[1974]
300 _a374 p. ;
_c21 cm.
651 4 _aEspaña-
_xUsos y costumbres-
_yS.XIX.
_98521
651 4 _aEspaña-
_xDescripción-
_yS.XIX.
_98185
700 1 _aMesa, Enrique de,
_d1878-1929
_980630
700 1 _aBrenan, Gerald.
_931574
852 _aES-MaACL
_jE-7996
999 _c64626
_d64626